Balkan Harbi Hatıraları (Record no. 3726)

000 -LEADER
fixed length control field 00582nam a22001937a 4500
008 - FIXED-LENGTH DATA ELEMENTS--GENERAL INFORMATION
fixed length control field 190802b ||||| |||| 00| jdeng d
020 ## - INTERNATIONAL STANDARD BOOK NUMBER
International Standard Book Number 9786058800212
041 ## - LANGUAGE CODE
Language code of text/sound track or separate title Türkçe
050 ## - LIBRARY OF CONGRESS CALL NUMBER
Classification number DR46
100 ## - MAIN ENTRY--PERSONAL NAME
9 (RLIN) 1198
Personal name Seyfettin, Ömer
245 ## - TITLE STATEMENT
Title Balkan Harbi Hatıraları
Statement of responsibility, etc. Hazırlayan : Tasin Yıldırım
250 ## - EDITION STATEMENT
Edition statement 1. Baskı
260 ## - PUBLICATION, DISTRIBUTION, ETC.
Place of publication, distribution, etc. İstanbul:
Name of publisher, distributor, etc. Dün Bugün Yarın Yayınları,
Date of publication, distribution, etc. Nisan 2011
300 ## - PHYSICAL DESCRIPTION
Extent 208 Sayfa
500 ## - GENERAL NOTE
General note Dün Bugün Yarın Yayınları ; 7
Hatıra ; 7
650 #0 - SUBJECT ADDED ENTRY--TOPICAL TERM
9 (RLIN) 145
Topical term or geographic name entry element Türk Edebiyatı
700 ## - ADDED ENTRY--PERSONAL NAME
9 (RLIN) 1637
Personal name Yıldırım, Tasin
942 ## - ADDED ENTRY ELEMENTS (KOHA)
Source of classification or shelving scheme
Koha item type Books
Holdings
Withdrawn status Lost status Source of classification or shelving scheme Damaged status Not for loan Permanent Location Current Location Shelving location Date acquired Full call number Barcode Date last seen Price effective from Koha item type
        Ödünç verilemez İmren Ahmet Tüzün Kütüphanesi İmren Ahmet Tüzün Kütüphanesi Ahmet Tüzün 2019-08-02 DR46 100100003869 2019-08-02 2019-08-02 Books

This software was implemented, installed and managed by Devinim Software Training Consulting .